Normal view
MARC view
Entry Topical Term
001 - CONTROL NUMBER
- control field: 49461
003 - CONTROL NUMBER IDENTIFIER
- control field: OSt
005 - DATE AND TIME OF LATEST TRANSACTION
- control field: 20260701161059.0
008 - FIXED-LENGTH DATA ELEMENTS
- fixed length control field: 260701|| aca||aabn | a|a d
040 ## - CATALOGING SOURCE
- Original cataloging agency: OSt
- Transcribing agency: OSt
150 ## - HEADING--TOPICAL TERM
- Topical term or geographic name entry element: Optical instructions- Design and constructions - Handbooks manuals etc
670 ## - SOURCE DATA FOUND
- Source citation: Work cat.: (OSt)36207: Malacara-Hernandez, Daniel and Malacara-Hernandez, Zacarias 49457, Handbook of optical design, 2013